Maiores Goleadas do Brasileirão - Statistics

Estatísticas Gerais
  • Esse quiz foi jogado 193 vezes
  • A pontuação média é 10 de 20
Estatísticas das Respostas
Resposta % Correto
Flamengo
94%
Flamengo
94%
Corinthians
93%
Santos
90%
Vasco da Gama
87%
Fluminense
79%
Grêmio
79%
Bahia
60%
Fortaleza
48%
Vitória
42%
América-RN
40%
Ceará
40%
Guarani
33%
Guarani
33%
Tiradentes-PI
24%
Sampaio Corrêa
17%
Tuna Luso
14%
River-PI
10%
Perdigão
7%
Fonseca
6%
Nenhum quiz correspondente encontrado
Distribuição das Pontuações
Porcentagem de Pessoas com Cada Pontuação
Percentil de Números Respondidos
Sua Pontuação Histórica
Você não jogou esse quiz